| 000 | 00818nas a2200253 4500 | ||
|---|---|---|---|
| 001 | BR9800166 | ||
| 003 | BR-BrBNA | ||
| 005 | 20231205100650.0 | ||
| 007 | ta | ||
| 008 | 230509b bl.|||p| |||| 00| 00por d | ||
| 040 |
_aBR-BrBNA _bpor _cBiblioteca Nacional de Agricultura |
||
| 041 | _a(Pt) | ||
| 072 | _aH20 | ||
| 100 | 1 | _aDemuner, N.L. | |
| 100 | 1 | _aFerreira, F.A. | |
| 100 | 1 | _aMuchovej, J.J. | |
| 245 | 1 | _aFungicidas para protecao de foliolos maduros de mudas de ipe-amarelo (Tabebuia serratifolia)as infeccoes eciosporicas e uredosporicas de Prospodium bicolor | |
| 650 | _aFolha | ||
| 650 | _aInfeccao | ||
| 650 | _aFungicida | ||
| 773 | 0 |
_tRevista Arvore (Brazil) _xISSN 0100-6762 _g(May-Aug 1992), v. 16(2) p. 231-245 _wBR9800166 |
|
| 909 |
_a202311 _bLúcia _c55 _dLúcia Elande |
||
| 942 |
_2AGRIS _n0 _cANA |
||
| 999 |
_c157330 _d157330 |
||